|
|
|
|
| LEADER |
01225nom a2200325 u 4500 |
| 001 |
10074126 |
| 003 |
upatras |
| 005 |
20210117201820.0 |
| 008 |
090513s2006 eng |
| 020 |
|
|
|a 9781402036385
|
| 040 |
|
|
|a GR-PaULI
|c GR-PaULI
|
| 041 |
0 |
|
|a eng
|
| 100 |
1 |
|
|a Hirshfield, Jay L.
|9 73636
|
| 245 |
1 |
0 |
|a Quasi-Optical Control of Intense Microwave Transmission
|h [electronic resource]
|c edited by Jay L. Hirshfield, Michael I. Petelin
|
| 260 |
|
|
|a Dordrecht
|b Springer
|c 2006
|
| 300 |
|
|
|b v.: digital
|
| 490 |
0 |
|
|a NATO Science Series II: Mathematics, Physics and Chemistry
|v 203
|x 1568-2609
|
| 650 |
|
4 |
|a Physics
|9 20895
|
| 650 |
|
4 |
|a Microwaves
|9 64528
|
| 650 |
|
4 |
|a Electrodynamics
|9 67762
|
| 650 |
|
4 |
|a Physics
|9 20895
|
| 650 |
|
4 |
|a Microwaves, RF and Optical Engineering
|9 64530
|
| 650 |
|
4 |
|a Classical Electrodynamics, Wave Phenomena
|9 67763
|
| 700 |
1 |
|
|a Petelin, Michael I.
|9 73637
|
| 760 |
1 |
|
|a NATO Science Series II: Mathematics, Physics and Chemistry
|g 203
|x 1568-2609
|
| 852 |
|
|
|a GR-PaULI
|b ΠΑΤΡΑ
|b ΒΚΠ
|
| 856 |
4 |
0 |
|u http://dx.doi.org/10.1007/1-4020-3638-8
|
| 942 |
|
|
|2 ddc
|
| 952 |
|
|
|0 0
|1 0
|4 0
|7 0
|9 75582
|a LISP
|b LISP
|d 2016-04-24
|l 0
|r 2016-04-24 00:00:00
|w 2016-04-24
|y ERS
|
| 999 |
|
|
|c 50371
|d 50371
|